Statistics for Geography Basics #8: Continent and ocean borders

Click here to take the quiz!

General Stats

  • This quiz has been taken 22 times
  • The average score is 15 of 18

Answer Stats

Pacific% Correct
Asia
100%
North America
95%
Oceania
91%
South America
91%
Africa
86%
Africa
86%
Asia
86%
Africa
82%
Europe
82%
North America
82%
South America
82%
Europe
77%
North America
77%
Oceania
77%
Antarctica
73%
Asia
73%
South America
73%
Oceania
68%

Score Distribution

Percentile by Number Answered

Percent of People with Each Score

Your Score History

You have not taken this quiz